000 00564nam a2200193Ia 4500
005 20250508153232.0
008 008 250505s9999 xx 000 0 eng d
037 _aTextual
040 _aFEDL
_beng
_cFEDL
041 _aeng
_2eng
084 _a338.9, UNI
_qFEDL
245 0 _aEconomic development, planning and international co-operation
245 0 _cEconomic Commission for Latin America
260 _aSantiago
_bUnited Nations
_c1961
300 _av,65p.
650 _aEconomics
942 _cTEXL
_h338.9, UNI
999 _c1341435
_d1341435